[Event "Agneaux St Lo op 15th"]
[Site "Agneaux"]
[Date "2013.07.12"]
[Round "7"]
[White "Chauvet, Etienne"]
[Black "Pichon, Julien"]
[Result "1/2-1/2"]
[WhiteElo "1620"]
[BlackElo "1775"]
[PlyCount "67"]
[EventDate "2013.07.07"]
[EventType "swiss"]
[EventRounds "9"]
[EventCountry "FRA"]
[SourceTitle "EXT 2014"]
[Source "ChessBase"]
[SourceDate "2013.11.20"]
[SourceVersion "1"]
[SourceVersionDate "2013.11.20"]
[SourceQuality "1"]

1. e4 c5 2. Nc3 Nc6 3. g3 g6 4. Bg2 Bg7 5. Nge2 Rb8 6. 0-0 b5 7. Qe1 d6 8. d3 b4 9. Nd1 e6 10. Be3 Nd4 11. Qd2 Ne7 12. c3 Nxe2+ 13. Qxe2 Ba6 14. Qd2 0-0 15. f4 f5 16. Re1 bxc3 17. bxc3 Qa5 18. Rc1 Rfe8 19. h3 Nc8 20. Kh2 Nb6 21. Kg1 Qa3 22. Rc2 Bb5 23. Kh2 Ba4 24. Qc1 Qxc1 25. Rxc1 Bc6 26. Nb2 Na4 27. Nxa4 Bxa4 28. Re2 Rb6 29. e5 Bc6 30. exd6 Bxg2 31. Kxg2 Rxd6 32. Bxc5 Rxd3 33. Bxa7 Bxc3 34. Rcc2 1/2-1/2